| 000 | 01220cam a22003255a 4500 | ||
|---|---|---|---|
| 001 | 017809046 | ||
| 003 | OSt | ||
| 005 | 20171024112045.0 | ||
| 008 | 160323t2016 paua frb 001 0 eng d | ||
| 020 | _a9781496320209 | ||
| 020 | _a1496320204 | ||
| 040 |
_aStDuBDS _beng _cStDuBDS _dEG-ScBUE _dEG-ScBUE |
||
| 082 | 0 | 4 |
_a617.601 _bGEH _222 |
| 100 | 1 |
_aGehrig, Jill S. _q(Jill Shiffer), |
|
| 245 | 1 | 0 |
_aFundamentals of periodontal instrumentation and advanced root instrumentation / _cJill Gehrig, Rebecca Sroda, Darlene Saccuzzo. |
| 250 | _a8th ed. | ||
| 260 |
_aPhiladelphia : _bWolters Kluwer, _cc.2017. |
||
| 300 |
_a754 p. : _bill. ; _c28 cm. |
||
| 500 | _aVisit http://thepoint.lww.com to learn more about thepoint and the resources available. Use the scratch off code to access the student resources. | ||
| 504 | _aIncludes bibliographical references and index. | ||
| 650 | 7 |
_aPeriodontics. _2BUEsh _939502 |
|
| 650 | 7 |
_aPeriodontics _xInstruments. _2BUEsh |
|
| 651 | _2BUEsh | ||
| 653 |
_bDDent _cSeptember2017 _cOctober2017 |
||
| 655 |
_vText book _933728 |
||
| 700 | 1 | _aSroda, Rebecca. | |
| 700 | 1 | _aSaccuzzo, Darlene. | |
| 856 | 4 | 0 |
_lAccess the student resources : _uhttp://thepoint.lww.com |
| 942 | _2ddc | ||
| 999 |
_c25459 _d25431 |
||